Loading...
History - European History | 0 | 5 | 0 | 2 | 50 | 84 | 104.80 | 0 | 1 |
History - American History | 0 | 5 | 1 | 1 | 45 | 61 | 82.60 | 0 | 3 |
Literature - World/Other Literature | 0 | 4 | 0 | 0 | 40 | 51 | 74.25 | 1 | 3 |
Science - Other Science | 0 | 4 | 0 | 0 | 40 | 48 | 66.25 | 1 | 4 |
Literature - American Literature | 0 | 4 | 0 | 1 | 40 | 89 | 115.25 | 0 | 1 |
Literature - European Literature | 0 | 4 | 0 | 0 | 40 | 40 | 92.50 | 1 | 3 |
Geography/Current Events | 0 | 3 | 0 | 0 | 30 | 79 | 94.67 | 0 | 0 |
Fine Arts - Other Fine Arts | 0 | 3 | 0 | 0 | 30 | 113 | 123.33 | 0 | 0 |
Pop Culture | 0 | 3 | 0 | 0 | 30 | 41 | 77.00 | 0 | 2 |
Social Science | 0 | 3 | 2 | 0 | 20 | 69 | 87.67 | 0 | 1 |
Science - Physics | 0 | 2 | 0 | 0 | 20 | 51 | 61.00 | 0 | 1 |
Fine Arts - Classical Music | 0 | 2 | 0 | 0 | 20 | 74 | 79.00 | 0 | 2 |
History - World History | 0 | 1 | 0 | 0 | 10 | 82 | 82.00 | 0 | 0 |
History - Other History | 0 | 1 | 0 | 1 | 10 | 108 | 108.00 | 0 | 0 |
Literature - British Literature | 0 | 1 | 0 | 0 | 10 | 123 | 123.00 | 0 | 0 |
Philosophy | 0 | 1 | 2 | 0 | 0 | 111 | 111.00 | 0 | 1 |
Religion | 0 | 1 | 2 | 0 | 0 | 41 | 41.00 | 0 | 1 |
Other Academic | 0 | 0 | 1 | 0 | -5 | 0.00 | 0 | 0 |